Uso de la vegetación para la estabilización de taludes
Guardado en:
| Hovedforfatter: | |
|---|---|
| Format: | Bog |
| Udgivet: |
San José, C.R
2000
|
| Fag: | |
| Tags: |
Tilføj Tag
Ingen Tags, Vær først til at tagge denne postø!
|
MARC
| LEADER | 00000nam a2200000Ia 4500 | ||
|---|---|---|---|
| 003 | 008570 | ||
| 005 | 20221231144209.0 | ||
| 008 | 140114s2000 cr a m 000 ||s d | ||
| 040 | |c cru CEDI | ||
| 090 | |a TFG 4183 | ||
| 100 | |a Porras Murillo, Gustavo |9 8178 | ||
| 245 | |a Uso de la vegetación para la estabilización de taludes | ||
| 260 | |c 2000 |a San José, C.R | ||
| 300 | |a v, 114, 23 hojas, [8] hojas de láminas : ilustraciones (algunas a color) | ||
| 500 | |a Tesis (licenciatura en Ingeniería Civil)--Universidad de Costa Rica. Facultad de Ingeniería. Escuela de Ingeniería Civil | ||
| 650 | |x TALUDES (MECANICA DE SUELOS) |x ESTABILIZACION DE SUELOS |x SUELOS FORESTALES |9 8179 | ||
| 942 | |c TFG | ||
| 999 | |c 18287 |d 18287 | ||
